| 000 | 00596nam a2200169 a 4500 | ||
|---|---|---|---|
| 005 | 20140412111232.0 | ||
| 008 | 010522s19uu xx 00 eng d | ||
| 020 | _a0-590-37523-7 | ||
| 050 |
_aTR(GS 371.3 _bR817 1998 |
||
| 100 | _aRozakis, Laurie | ||
| 245 |
_a101 fresh & fun: critical-thinking activities : _bgrades 1-3 / _cby Laurie Rozakis. |
||
| 260 |
_aNew York : _bScholastic Professional Books, _c1998. |
||
| 300 | _a128p. ; ill, | ||
| 520 | _aEngaging reproducibles and activities to develop kids' higher-level thinking skills. | ||
| 650 | _aReproducible activities | ||
| 999 |
_c102217 _d102217 |
||